000 00425nam a2200169Ia 4500
003 GCL
008 140319s9999 xx 000 0 ara d
040 _aGCL /
_cGCL
082 0 4 _aد
_b050
100 1 _aخيرى شلبى
245 1 0 _aعمالقة ظرفاء (اقرا 515 ) /
_cخيرى شلبى
300 _a170
490 _aاقرأ
_v0
650 0 4 _aالقصص
650 0 4 _aدائرة معارف
942 _2ddc
_cBK
999 _c49424
_d49424